Language Quiz

Random Language or Color Quiz

The Blue Quiz Stats

 Plays Quiz Updated Aug 24, 2018

Score 0/40 Timer 08:00
11 Plays Today
Hint Word % Correct
Levi's or WranglerBlue Jeans
89.6%
Working ClassBlue Collar
88.2%
Second full lunar event in a monthBlue Moon
88.1%
Small round fruitBlueberry
83.9%
Severely bruisedBlack and Blue
79.7%
Next-generation optical disc formatBlu-Ray
79.1%
Aykroyd and BelushiThe Blues Brothers
78.1%
Toronto MLB teamBlue Jays
76.9%
One Fish Two Fish...Red Fish Blue Fish
75.5%
Nickelodeon children's TV ShowBlues Clues
72.9%
Popular Las Vegas trio of performersBlue Man Group
65.9%
Roquefort, Gorgonzola, and StiltonBlue cheese
63.9%
Wireless protocolBluetooth
61.8%
Nickname for KentuckyThe Bluegrass State
59.4%
Carl Perkins hit also made famous by ElvisBlue Suede Shoes
59%
Association of health insurance companiesBlue Cross Blue Shield
54.9%
Rock band who performed 'Don’t Fear the Reaper'Blue Oyster Cult
52.1%
Zoolander model poseBlue Steel
51.1%
U.S. airline founded by David NeelemanJetBlue Airways
49.7%
U. S. Navy flight demonstration squadronBlue Angels
48.6%
Hint Word % Correct
Steven Bochco TV drama with Dennis FranzNYPD Blue
48.4%
1980 Brooke Shields and Christopher Atkins movieThe Blue Lagoon
48.3%
Vehicle valuation companyKelley Blue Book
47.4%
IBM NicknameBig Blue
41.8%
Stock of a well-established companyBlue Chip
40.5%
Nickname for the policeBoys in blue
34.4%
1961 Elvis Presley filmBlue Hawaii
29.9%
Milwaukee pale lagerPabst Blue Ribbon
28.6%
Rock band with harmonica virtuoso John PopperBlues Traveler
26.5%
1986 David Lynch filmBlue Velvet
23.7%
Invaded Pepperland in the movie Yellow SubmarineBlue Meanie
23.4%
River originating at Lake Tana in EthiopiaBlue Nile
21.3%
Nickname for the 'The Air Force Song'Wild Blue Yonder
18.3%
Longest running British children's television showBlue Peter
13.4%
Theme restaurant known for its gospel brunchHouse of Blues
11.3%
Boise State marching bandBlue Thunder
9.3%
Official wine of the BBC program 'This Week'Blue Nun
9.2%
Comic book superhero Ted KordBlue Beetle
8.7%
1988 George Strait number 1 singleBaby Blue
7.6%
1971 Rolling Stones songI Got the Blues
5.5%

You're not logged in!

Compare scores with friends on all Sporcle quizzes.
OR
Log In

Sporcle TV

Today on Sporcle TV


Watch our educational content, quiz creation guides, and fun videos on Sporcle TV.

Show Comments

Extras

Top Quizzes Today


Score Distribution

Your Account Isn't Verified!

In order to create a playlist on Sporcle, you need to verify the email address you used during registration. Go to your Sporcle Settings to finish the process.

Report this User

Report this user for behavior that violates our Community Guidelines.

Details: